000 00381 a2200169 4500
001 068859
003 OSt
005 20220326114405.0
008
082 _a805
_bM31S
100 1 _aManorama
245 1 _aManorama year book 2011
_cby Manorama
260 _aDelhi
_bManorama
_c2011
300 _a1039p.
653 _aIndia
942 _2ddc
_cBK
999 _c2500
_d2500